¿Qué ciudad en Colombia? - Estadísticas

Estadísticas generales
  • Esta prueba ha sido intentada 844 veces
  • La puntuación promedio es 13 de 24
Estadísticas de respuestas
Descripción Letra Ciudad % Correcto
Se encuentra a unos 2640 Metros sobre el nivel del mar. B Bogotá
86%
La puerta de oro, cuna del carnaval más importante del país. B Barranquilla
79%
Tiene una de las ferias más importantes del país y también es conocida como "la sucursal del cielo". C Cali
78%
La ciudad de la eterna primavera. M Medellín
77%
Es la ciudad más antigua de Colombia Fundada en 1525. S Santa Marta
69%
Sufrió una invasión inglesa en 1741. C Cartagena
63%
Ciudad fronteriza, lugar de nacimiento del futbolista James Rodríguez. C Cúcuta
63%
Tiene el puerto más importante del país. B Buenaventura
62%
Conocida como la ciudad bonita. B Bucaramanga
59%
La capital mundial del vallenato. V Valledupar
58%
Su principal atractivo turístico es la mina de sal. Z Zipaquirá
58%
Es la más pequeña de las capitales del Eje Cafetero. A Armenia
56%
Es conocida como la capital musical de Colombia. I Ibagué
55%
El epicentro de una de las catástrofes más devastadoras del país,sucedida el 13 de noviembre de 1985. A Armero
54%
Se le conoce como la capital ganadera de Colombia. M Montería
51%
Lugar de nacimiento del escritor Gabriel García Márquez. A Aracataca
48%
Capital del departamento de sucre. S Sincelejo
48%
Se lleva a cabo una festividad en honor a San Francisco De Asís, esta fiesta es conocida coloquialmente como "San Pacho". Q Quibdó
47%
Se llama así por una leyenda local conocidacomo "La leyenda del Hacha". R Riohacha
43%
La Basílica del Señor de los Milagros, es un importante lugar de peregrinación, destino turístico y religioso colombiano en el Valle del Cauca. B Buga
42%
La ciudad se paraliza para vivir las fiestas de San Pedro. N Neiva
42%
La ciudad blanca de Colombia. P Popayán
41%
Fue un refugio para piratas durante el siglo XVII, siendo Henry Morgan uno de los más famosos. S San Andrés
39%
El primer pueblo libre de América. S San Basilio de Palenque
28%
No se encontraron pruebas coincidentes
Distribución de puntuación
Porcentaje de gente con cada puntuación
Porcentaje por número respondido
Historial de tus puntuaciones
No has intentado esta prueba.